01359 a2200205 45000010006000000050017000060080041000230030015000640400040000790800038001192450076001570200022002332640045002553000023003005050642003230410008009651000042009737000039010158560099010545927420260407155846.0260407a2018 arg spa dAR-UNSa-BCEJYS aAR-UNSa-BCEJYSbspacAR-UNSa-BCEJYS a658.11:504xEmpresas sustentables10aDesarrollo sustentablepestrategia en las empresas para un futuro mejor a978-607-622-971-2 1aMéxico :bAlfaomega Grupo Editorc2018 axv, 381 p.c23 cm. a1. Concepto y antecedentes del desarrollo sustentable - 2. La igualdad económica mediante la sustentabilidad y la sostenibilidad - 3. Modelos de empresas sustentables y el mercado verde - 4. Uso y manejo de los recursos hídricos - 5. Energía eléctrica y los recursos para producirla como herramienta del desarrollo sustentable - 6. Uso y manejo de residuos sólidos - 7. Autotransporte sustentable en las empresas, mecanismo para mitigar el cambio climático - 8. Mercadotecnia y sustentabilidad - 9. La innovación financiera como estrategia para la realización de proyectos verdes - 10. Responsabilidad social empresarial  aspa1 aEscobedo Guerrero, Gabriela Guadalupe1 aAndrade Vallejo, María Antonieta41uhttps://www.biblioeco.unsa.edu.ar/pmb/images/libros/L129030.jpgyImagen de portadaqimage/jpeg